Sports Quiz

Random Sports or Logo Quiz
Score 0/10 Timer 01:00
0 Plays Today
% Correct
San Jose Sharks
94.3%
Florida Panthers
91.3%
Pittsburgh Penguins
91.1%
Arizona Coyotes
88.9%
Buffalo Sabres
88%
Chicago Blackhawks
86.3%
Ottawa Senators
84.1%
Vancouver Canucks
83.7%
Minnesota Wild
83.2%
Nashville Predators
80.2%
Remove Ads.
Support Sporcle.
Get the best of Sporcle when you Go Orange. This ad-free experience offers more features, more stats, and more fun while also helping to support Sporcle. Thank you for becoming a member.

You're not logged in!

Compare scores with friends on all Sporcle quizzes.
OR
Log In

Show Comments

Extras

Top Quizzes Today


Score Distribution

Your Account Isn't Verified!

In order to create a playlist on Sporcle, you need to verify the email address you used during registration. Go to your Sporcle Settings to finish the process.

Report this User

Report this user for behavior that violates our Community Guidelines.

Details: